00787nam a22001937a 450000500170000001000230001702000260004003500140006608200110008010000250009124500810011625000060019726000490020327001190025230000200037194200250039199900190041695201580043520241211110422.0 aDEC24SC ENG-142914 a9789355015044c495.00 aEN-126446 a95421 aShukla, Ajay 974944 aThe Making of Modern India: bFrom 1498 to the Modern Times/cby Ajay Shukla a1 aNew DelhibS Chand and Company Limitedc2023 a A-27, 2nd Floor, Mohan Co-operative Industrial EstatebNew Delhie110044minfo@schandpublishing.comk011-49731800 a438p.c23cm(pb) 2ddccENh954mSHUe1 c207518d207518 001040708NFICaLbLd2024-12-10eDelivery of Books Divisiong495.00l2o954 SHUpEN-126446r2026-05-13 11:17:08s2026-05-07t1v495.00w2024-12-10yEN